00549nam a2200181Ia 4500008004100000020001800041050001400059100002000073245002600093245005000119260001500169260001300184260000900197300001400206300002500220999001900245952010300264180207s9999 xx 000 0 und d a9781416975281 bM121 2008 aMcCain, Meghan. aMy dad, John McCain / cMeghan McCain ; illustrated by Dan Andreasen. aNew York : bAladdin, c2008 aunpaged : bcolor illustration ; c355083d355083 001040aSSISMbSSISMd2018-02-07l0oER M121 2008pSSISM4628r2018-02-07 00:00:00w2018-02-07yBK